Mélanges asiatiques (Record no. 163247)
[ view plain ]
| 000 -LEADER | |
|---|---|
| campo de control de longitud fija | 00724nam a2200157 i 4500 |
| 001 - NÚMERO DE CONTROL | |
| campo de control | 163247 |
| 003 - IDENTIFICADOR DE NÚMERO DE CONTROL | |
| campo de control | ES-MaACL |
| 005 - FECHA Y HORA DE LA ÚLTIMA TRANSACCIÓN | |
| campo de control | 20250816063147.0 |
| 008 - DATOS DE LONGITUD FIJA--INFORMACIÓN GENERAL | |
| campo de control de longitud fija | 931025m18251826fr |||| | fre d |
| 100 1# - ENTRADA PRINCIPAL--NOMBRE DE PERSONA | |
| Nombre de persona | Rémusat, Jean-Pierre-Abel, |
| Fechas asociadas al nombre | 1788-1832 |
| 9 (RLIN) | 96154 |
| 245 10 - MENCIÓN DEL TÍTULO | |
| Título | Mélanges asiatiques |
| Resto del título | : ou choix de morceaux de critique et de mémoires relatifs aux religions, aux sciences, aux coutumes, a L'histoire et a la géographie des nations orientales / |
| Mención de responsabilidad, etc. | par M. Abel-Rémusat. |
| 260 ## - PUBLICACIÓN, DISTRIBUCIÓN, ETC. | |
| Lugar de publicación, distribución, etc. | Paris : |
| Nombre del editor, distribuidor, etc. | Librairie Orientale de Dondey-Dupré Père et Fils, |
| Fecha de publicación, distribución, etc. | 1825-26 ( |
| Fabricante | Imp.-Lib. de la Société Asiatique...) |
| 300 ## - DESCRIPCIÓN FÍSICA | |
| Extensión | 2 v. ; |
| Dimensiones | 21 cm. |
| 852 ## - LOCALIZACIÓN | |
| Ubicación | ES-MaACL |
| Número de control de estantería | G-12590-12591 |
| Nota libre | -- Enc. hol. |
| Estatus retirado | Estado de pérdida | Estado de daño | No para préstamo | Colección | Biblioteca de origen | Biblioteca actual | Ubicación en estantería | Fecha de adquisición | Fuente de adquisición | Total de préstamos | Signatura topográfica completa | Código de barras | Visto por última vez | Precio de reemplazo | Tipo de ítem Koha |
|---|---|---|---|---|---|---|---|---|---|---|---|---|---|---|---|
| Libros del s. XIX | Biblioteca del Ateneo de Madrid | Biblioteca del Ateneo de Madrid | Sala Pecera Planta 3 | 17/01/2008 | G-12590-12591 | 1171065 | 23/02/2023 | 23/02/2023 | Libro impreso antiguo |
